Over/Under: Sports Quiz Stats

Quiz Updated Dec 2, 2017

Challenge
Share
Tweet
Embed
Score 0/24 Timer 03:00
1 Play Today
Question and Number Actual is Over or Under % Correct
Wilt Chamberlain's 1-game points record: 85???
83.6%
Brett Favre retirements: 5???
83.1%
Consecutive 10+ point games by M. Jordan: 355???
78.9%
No-hitters by Nolan Ryan: 5???
77.3%
Boston Celtics NBA Championships: 15???
73.3%
Canadiens' Stanley Cups: 33???
72.5%
Teams of Vinny Testaverde: 11???
70.3%
Jack Nicklaus PGA tour wins: 58???
69.9%
Notre Dame football championships: 16???
69.5%
Hart trophies (MVP) for Wayne Gretzky: 7???
69.1%
Tony Gwynn batting championships: 10???
62.9%
Super Bowl halftimes w/a marching band: 18???
62.4%
Question and Number Actual is Over or Under % Correct
Olympic medals won by Kyrgyzstan: 5???
61.4%
Losses by George Foreman: 9???
61.2%
Packers NFL Championships: 5???
61%
Dale Earnhardt Winston Cups: 10???
57.4%
Penalty minutes for misconduct (NHL): 5???
57.1%
Dodgers World Series losses: 8???
54.1%
Joe DiMaggio home runs: 400???
52.9%
Bears' points in 1940 NFL Champ. game: 60???
50.4%
World Cup Goals (finals) by Ronaldo: 12???
50.3%
U.S. medals in 1980 summer Olympics: 96???
48.9%
Consecutive games played by Ripken: 2,880???
41.2%
Venus Williams Grand Slam titles: 15???
37.4%

You're not logged in!

Compare scores with friends on all Sporcle quizzes.
Sign Up with Email
OR
Log In

You Might Also Like...

Show Comments

Extras

Top Quizzes Today


Score Distribution

Your Account Isn't Verified!

In order to create a playlist on Sporcle, you need to verify the email address you used during registration. Go to your Sporcle Settings to finish the process.